000 00276nam a2200109Ia 4500
008 200302s9999 xx 000 0 und d
100 _aFrancesc Rife
245 _aFrancesc Rife- Interior Industrial Design
260 _bLoft Publications, Spain
260 _c2011
300 _a287
999 _c4438
_d4438